000 00404nam a22001337a 4500
003 OSt
008 150615b xxu||||| |||| 00| 0 eng d
041 _aeng
245 1 0 _aThe Aurora collection of RSFSR - RSFSR, 1918-1923, Russian Soviet Federative Socialist Republic
246 1 0 _aFebruary 10, 2011
260 _bCherrystone Auction Galleries
300 _a0 pages
700 1 _aCherrystone Auction Galleries
999 _c1573
_d1573